[Event "Lignano Bella Italia op 2nd"]
[Site "Lignano Sabbiadoro"]
[Date "2023.08.20"]
[Round "6"]
[White "Fetiveau, Arthur"]
[Black "Musso, Alessio"]
[Result "0-1"]
[WhiteElo "2039"]
[BlackElo "2176"]
[PlyCount "100"]
[EventDate "2023.08.17"]
[EventType "swiss"]
[EventRounds "9"]
[EventCountry "ITA"]
[SourceTitle "EXT 2024"]
[Source "ChessBase"]
[SourceDate "2023.10.10"]
[SourceVersion "1"]
[SourceVersionDate "2023.10.10"]
[SourceQuality "1"]

1. e4 c5 2. Nf3 Nf6 3. Nc3 d5 4. exd5 Nxd5 5. Bb5+ Bd7 6. Bxd7+ Qxd7 7. Nxd5 Qxd5 8. d4 Nc6 9. dxc5 Qxc5 10. 0-0 Rd8 11. Qe2 e6 12. Be3 Qh5 13. Nd4 Qxe2 14. Nxe2 Bd6 15. Rad1 0-0 16. Nd4 Nxd4 17. Bxd4 Bb8 18. c4 Rd7 19. Be3 Rfd8 20. Rxd7 Rxd7 21. g3 f6 22. Rc1 Kf7 23. Kg2 e5 24. Kf3 Ke6 25. g4 g6 26. h3 f5 27. Ke2 f4 28. Bc5 e4 29. Bb4 Be5 30. Bc3 Rd3 31. Bxe5 Kxe5 32. c5 Rxh3 33. b4 Ra3 34. b5 Rxa2+ 35. Ke1 Rb2 36. c6 bxc6 37. bxc6 Rb8 38. Ra1 Rc8 39. Rxa7 Rxc6 40. Rxh7 f3 41. Re7+ Kf4 42. Rf7+ Kxg4 43. Kd2 Kh3 44. Ke3 Kg2 45. Ra7 Rc2 46. Kxe4 Kxf2 47. Ra3 Rc4+ 48. Kd3 Rf4 49. Ra2+ Kg3 50. Ra1 f2 0-1

[Event "Morbihan-ch 1011"]
[Site "Morbihan"]
[Date "2011.02.12"]
[Round "5.7"]
[White "Duplessy, Franck"]
[Black "Fetiveau, Arthur"]
[Result "1-0"]
[WhiteElo "2097"]
[BlackElo "1660"]
[PlyCount "75"]
[EventDate "2010.10.09"]
[EventType "swiss"]
[EventRounds "7"]
[EventCountry "FRA"]
[SourceTitle "EXT 2014"]
[Source "ChessBase"]
[SourceDate "2013.11.20"]
[SourceVersion "1"]
[SourceVersionDate "2013.11.20"]
[SourceQuality "1"]

1. Nf3 d5 2. d4 Nf6 3. Bf4 b6 4. e3 Bb7 5. Nc3 e6 6. a3 c5 7. Ne5 Nc6 8. Bb5 Qc8 9. 0-0 Be7 10. Re1 0-0 11. Rc1 Nxe5 12. dxe5 Nd7 13. e4 d4 14. Nb1 Qc7 15. c3 a6 16. Bf1 dxc3 17. Rxc3 Nxe5 18. Qh5 f6 19. Rh3 Bd6 20. Qxh7+ Kf7 21. Rg3 Rg8 22. Be2 Nf3+ 23. Bxf3 Bxf4 24. Bh5+ Kf8 25. Rh3 Rd8 26. Nc3 Bd2 27. Rf1 Rd4 28. Rf3 Qe7 29. Bg6 Bxc3 30. Rxc3 e5 31. Rfc1 Qd6 32. g3 Rd1+ 33. Rxd1 Qxd1+ 34. Kg2 Qd7 35. Bf5 Qf7 36. Rd3 Bc6 37. Rd8+ Be8 38. Bg6 1-0

[Event "Rohde op 10th"]
[Site "Sautron"]
[Date "2010.10.26"]
[Round "5"]
[White "Huet, Joel"]
[Black "Fetiveau, Arthur"]
[Result "0-1"]
[WhiteElo "1881"]
[BlackElo "1620"]
[PlyCount "60"]
[EventDate "2010.10.23"]
[EventType "swiss"]
[EventRounds "9"]
[EventCountry "FRA"]
[SourceTitle "EXT 2012"]
[Source "ChessBase"]
[SourceDate "2011.11.24"]
[SourceVersion "1"]
[SourceVersionDate "2011.11.24"]
[SourceQuality "1"]

1. e4 e5 2. Nf3 d6 3. h3 Be7 4. d4 exd4 5. Nxd4 Nf6 6. Nc3 Nbd7 7. Be3 Nb6 8. Bd3 d5 9. e5 Ng8 10. Qe2 c5 11. Nf5 Bxf5 12. Bxf5 d4 13. 0-0-0 Qc7 14. Bxd4 cxd4 15. Rxd4 Nh6 16. Nb5 Qc6 17. Nd6+ Kf8 18. Be4 Qc5 19. Rhd1 Qxe5 20. Nc4 Nxc4 21. Qxc4 g6 22. Qc3 Kg7 23. Bd5 Rac8 24. Qf3 Qf5 25. Qb3 b6 26. g3 Rhd8 27. c4 Qxf2 28. Rf4 Bg5 29. Qc3+ Kg8 30. Qf6 Qe3+ 0-1

[Event "Morbihan-ch 0910"]
[Site "Morbihan"]
[Date "2010.02.06"]
[Round "4.18"]
[White "Maroufi, Amirvala"]
[Black "Fetiveau, Arthur"]
[Result "0-1"]
[WhiteElo "1290"]
[BlackElo "1580"]
[PlyCount "78"]
[EventDate "2009.10.10"]
[EventType "swiss"]
[EventRounds "7"]
[EventCountry "FRA"]
[SourceTitle "EXT 2014"]
[Source "ChessBase"]
[SourceDate "2013.11.20"]
[SourceVersion "1"]
[SourceVersionDate "2013.11.20"]
[SourceQuality "1"]

1. e4 e5 2. Nf3 Nc6 3. Bb5 Bc5 4. Bxc6 dxc6 5. Nxe5 Qd4 6. Rf1 Qxe5 7. d3 Nf6 8. Qe2 Bg4 9. f3 Be6 10. Bd2 Qxh2 11. Nc3 Qg3+ 12. Kd1 0-0-0 13. Na4 Be7 14. Nc3 Bb4 15. a3 Bxc3 16. Bxc3 Qf4 17. Bd2 Qe5 18. Bb4 Qxb2 19. Rc1 Qe5 20. Bc3 Qxc3 21. Rf2 Rd4 22. Rf1 Rhd8 23. Rf2 c5 24. g3 c4 25. Qd2 Qxd2+ 26. Rxd2 cxd3 27. cxd3 Rxd3 28. Rxd3 Rxd3+ 29. Ke2 Rxa3 30. e5 Nd7 31. f4 Rxg3 32. Rf1 Bc4+ 33. Kf2 Bxf1 34. Kxg3 Nxe5 35. fxe5 Kd7 36. Kf4 Ke6 37. Ke4 f6 38. exf6 Kxf6 39. Kf3 a5 0-1

[Event "Morbihan-ch 0910"]
[Site "Morbihan"]
[Date "2009.10.10"]
[Round "1.10"]
[White "Annetti, Laurent"]
[Black "Fetiveau, Arthur"]
[Result "1-0"]
[WhiteElo "1841"]
[BlackElo "1490"]
[PlyCount "49"]
[EventDate "2009.10.10"]
[EventType "swiss"]
[EventRounds "7"]
[EventCountry "FRA"]
[SourceTitle "EXT 2014"]
[Source "ChessBase"]
[SourceDate "2013.11.20"]
[SourceVersion "1"]
[SourceVersionDate "2013.11.20"]
[SourceQuality "1"]

1. e4 e5 2. Nf3 Nc6 3. Bc4 Be7 4. d4 exd4 5. c3 dxc3 6. Qb3 Bb4 7. Bxf7+ Kf8 8. 0-0 Qf6 9. Bd5 Qe7 10. Bg5 Qc5 11. Nxc3 Nf6 12. Rac1 Na5 13. Qd1 d6 14. Be3 Nxd5 15. Bxc5 Nxc3 16. Bxd6+ Bxd6 17. Rxc3 Be6 18. e5 Bb4 19. Rxc7 Be7 20. Rxe7 Kxe7 21. Qd6+ Kf7 22. Ng5+ Kg6 23. Qxe6+ Kxg5 24. f4+ Kh5 25. Qf5+ 1-0